кн. Юрьевской

RUSMARC
00004612nac2a22003253x 450
0014f78f00a-2144-4992-b91a-c4680d2910c1
00520240723122453.0
100##$a20240716l1880 k y0rusy50 ca
1010#$arus
102##$aRU
105##$ay z |||||
1220#$ad18801102
2001#$aкн. Юрьевской
$j02.11.1880
215##$a1 лист
$d32,5 х 24,2
251##$cДело
300##$aЗаголовок дела на папке отсутствует
300##$aНа папке дела дата не указана
300##$aВ деле имеются телеграммы
300##$aРукописный и типографский текст
330##$aВходит в раздел описи: Письма разных лиц к Лорис-Меликову
461#0$1001cda3d175-ae4a-411a-8dea-9cc20fb178f6
$12001
$aЛорис-Меликов Михаил Тариелович, граф, министр внутренних дел, главный начальник "верховной распорядительной комиссии по охранению государственного порядка и общественного спокойствия", генерал от кавалерии
$1251
$cФонд
$1852
$j569
462#0$1001163e060a-d7cc-404d-90ee-e28c9801971b
$12001
$aОпись дел фонда М. Т. Лорис-Меликова за 1858-1915 гг.
$vД. 252
$1251
$cОпись
$1852
$j1
600#1$aЮрьевская
$cкнягиня
605##$3DITM\AF\0000002775
$aВласть
$lколлекция
$2acquisition_prlib
6101#$aТелеграммы
$aЮрьевская
686##$a63.3(2)535-332ю1
$cИстория
$2rubbk
686##$a67.400.6ю1
$cПраво
$2rubbk
801#0$aRU
$bGA_RF
801#1$aRU
$bГлавНИВЦ
$c20240716
$2rusmarc
801#2$aRU
$bПБ им. Б.Н. Ельцина
$c20240723
$gRCR
$2rusmarc
852##$aГА РФ
$j252
937##$d193075121
$hГАРФ
035##$aRuPRLIB51076704
856##$uhttp://readingroom.main.prlib.ru/item.aspx?id_node=n193075121&mode=full
Формат отображения